| 000 | 00680nam a2200229 a 4500 | ||
|---|---|---|---|
| 999 |
_c11744 _d11744 |
||
| 001 | 11744 | ||
| 003 | BD-JhCC | ||
| 005 | 20200827091914.0 | ||
| 008 | 200827t19292004ii a|||| ||a| 000 0 eng d | ||
| 020 | _a9780670058167 | ||
| 035 | _a(BD-JhCC)11744 | ||
| 040 |
_aBD-JhCC _dBD-JhCC |
||
| 041 | _aeng | ||
| 082 |
_a930 _bJAW 2004 |
||
| 100 | _aNehrul,Jawaharlal | ||
| 245 |
_aLetters From A Father To His Daughter / _cJawaharlal Nehrul . |
||
| 260 |
_aIndia: _bPuffin bools; _c2004. |
||
| 300 |
_a154 p. : _bill; _c22 cm. |
||
| 650 |
_aHistory, Ancient _vCivilization _xGandhi, Indira, 1917-1984 _yNehru, Jawaharlal, 1889-1964 _zWorld history |
||
| 942 |
_2ddc _cBK |
||